000 00853nam a2200181Ia 4500
008 090124s9999 xx 000 0 und d
082 _b29865
_a713
100 _aजायस्वाल जयनारायण
245 _a निर्दोष उपचार पध्दती सचित्र पंचमहाभूत चिकित्सा
250 _a6
260 _c1988
300 _a155
600 _aजायस्वाल जयनारायण
630 _a निर्दोष उपचार पध्दती सचित्र पंचमहाभूत चिकित्सा
700 _aजायस्वाल जयनारायण
730 _a निर्दोष उपचार पध्दती सचित्र पंचमहाभूत चिकित्सा
942 _cBOOK
999 _c143347
_d143347